Discussion paper No. 48

保存先:
書誌詳細
第一著者: Mitsuo, Ezaki
フォーマット: 図書
言語:Undetermined
出版事項: Tokyo The Center for Southeast Asian Studies Kyoto University 1972
主題:
タグ: タグ追加
タグなし, このレコードへの初めてのタグを付けませんか!
Thư viện lưu trữ: Trung tâm Học liệu Trường Đại học Cần Thơ
LEADER 00530nam a2200193Ia 4500
001 CTU_97011
008 210402s9999 xx 000 0 und d
082 |a 330.952 
082 |b E99 
100 |a Mitsuo, Ezaki 
245 0 |a Discussion paper No. 48 
245 0 |c Mitsuo Ezaki 
260 |a Tokyo 
260 |b The Center for Southeast Asian Studies Kyoto University 
260 |c 1972 
650 |a Economic statistics,Finance 
650 |z Japan 
904 |i Năm 
980 |a Trung tâm Học liệu Trường Đại học Cần Thơ